[Event "Lloyds Bank Masters 17th"]
[Site "London"]
[Date "1993.08.24"]
[Round "4"]
[White "Basman, Michael John"]
[Black "Obukhov, Alexander"]
[Result "0-1"]
[WhiteElo "2350"]
[BlackElo "2490"]
[PlyCount "74"]
[EventDate "1993.08.21"]
[EventType "swiss"]
[EventRounds "10"]
[EventCountry "ENG"]

1. d4 Nf6 2. Nf3 d5 3. c3 c6 4. Bf4 Bf5 5. Nbd2 h6 6. e3 Qb6 7. Qb3 Nbd7 8. Be2
Nh5 9. Be5 Nhf6 10. O-O e6 11. Nh4 Bh7 12. Bg3 Be7 13. c4 Ne4 14. Nxe4 dxe4 15.
f4 Qxb3 16. axb3 g5 17. f5 gxh4 18. fxe6 O-O 19. Bf4 fxe6 20. Bxh6 Rxf1+ 21.
Rxf1 Bf5 22. Bf4 Rf8 23. h3 Kg7 24. Kh2 Bf6 25. Bd6 Rh8 26. Kg1 Kg6 27. b4 e5
28. d5 cxd5 29. c5 Bg5 30. Rxf5 Kxf5 31. Bg4+ Kf6 32. Bxd7 Bxe3+ 33. Kf1 a6 34.
Ke2 Bc1 35. b3 Ba3 36. b5 axb5 37. Bxb5 b6 0-1

[Event "Lloyds Bank Masters 17th"]
[Site "London"]
[Date "1993.08.24"]
[Round "4"]
[White "Hennigan, Michael"]
[Black "Norwood, David"]
[Result "0-1"]
[WhiteElo "2415"]
[BlackElo "2515"]
[PlyCount "71"]
[EventDate "1993.08.21"]
[EventType "swiss"]
[EventRounds "10"]
[EventCountry "ENG"]

1. e4 g6 2. d4 Bg7 3. Nf3 d6 4. c3 Nf6 5. Qc2 O-O 6. Be2 b6 7. O-O Bb7 8. Nbd2
Nbd7 9. Re1 c5 10. e5 Nd5 11. e6 fxe6 12. Ng5 cxd4 13. Nxe6 Qc8 14. Nxf8 Kxf8
15. c4 Ne5 16. Qb3 Nf4 17. Bf1 d3 18. Re3 Qf5 19. h3 Kg8 20. Qd1 Rf8 21. Qe1 g5
22. f3 h5 23. Ne4 g4 24. Ng3 Qg6 25. fxg4 hxg4 26. h4 Bf6 27. Ne4 Bxe4 28. Rxe4
Bxh4 29. Qe3 Ne2+ 30. Bxe2 Bf2+ 31. Qxf2 Rxf2 32. Rxe5 Rxe2 33. Rg5 Re1+ 34.
Kf2 Qxg5 35. Kxe1 Qe5+ 36. Kf1 0-1

[Event "Lloyds Bank Masters 17th"]
[Site "London"]
[Date "1993.08.24"]
[Round "4"]
[White "Lyell, Mark"]
[Black "Rossiter, Philip J"]
[Result "1/2-1/2"]
[WhiteElo "2235"]
[BlackElo "2330"]
[PlyCount "72"]
[EventDate "1993.08.21"]
[EventType "swiss"]
[EventRounds "10"]
[EventCountry "ENG"]

1. e4 e5 2. Nf3 Nf6 3. Nc3 Bb4 4. Bc4 d6 5. O-O O-O 6. d4 Nbd7 7. Bg5 Bxc3 8.
bxc3 Qe7 9. Nd2 h6 10. Bh4 g5 11. Bg3 Re8 12. Re1 Nf8 13. Nf1 Ng6 14. Ne3 Nf4
15. f3 Qf8 16. Bf2 Bd7 17. Bf1 Qg7 18. c4 g4 19. Nf5 Bxf5 20. exf5 e4 21. fxe4
Nxe4 22. Be3 Nh5 23. g3 Nhf6 24. Bg2 Re7 25. d5 Rae8 26. Qd4 h5 27. Bf4 b6 28.
Re2 Nd7 29. Qxg7+ Kxg7 30. Rae1 Ndf6 31. Bc1 Kf8 32. Bh6+ Kg8 33. Bg5 Re5 34.
Bf4 R5e7 35. Bg5 Re5 36. Bf4 R5e7 1/2-1/2

[Event "Lloyds Bank Masters 17th"]
[Site "London"]
[Date "1993.08.24"]
[Round "4"]
[White "Crocker, Matthew"]
[Black "Naumkin, Igor"]
[Result "0-1"]
[WhiteElo "2120"]
[BlackElo "2450"]
[PlyCount "68"]
[EventDate "1993.08.21"]
[EventType "swiss"]
[EventRounds "10"]
[EventCountry "ENG"]

1. e4 e6 2. d3 d5 3. Nc3 Nf6 4. Bd2 Nc6 5. f4 dxe4 6. dxe4 Bc5 7. Bb5 Bxg1 8.
Rxg1 Qd4 9. Kf1 Nxe4 10. Nxe4 Qxe4 11. Qg4 Bd7 12. Bd3 Qd5 13. Qxg7 O-O-O 14.
Qc3 Rhg8 15. Be3 e5 16. Qc4 Qd6 17. Re1 Qf6 18. Ke2 Bf5 19. fxe5 Bxd3+ 20. cxd3
Qxe5 21. b4 Qxh2 22. Qe4 Rde8 23. Qf5+ Kb8 24. Kd1 Qd6 25. Bc5 Qd8 26. b5 Nd4
27. Qxf7 Nxb5 28. Qb3 a6 29. a4 Nd4 30. Qc4 Nc6 31. d4 Qd7 32. Kc1 b6 33. Ba3
Na5 34. Qd3 Qxa4 0-1

[Event "Lloyds Bank Masters 17th"]
[Site "London"]
[Date "1993.08.24"]
[Round "4"]
[White "Williams, Simon Kim"]
[Black "Har Zvi, Ronen"]
[Result "0-1"]
[WhiteElo "2255"]
[BlackElo "2505"]
[PlyCount "68"]
[EventDate "1993.08.21"]
[EventType "swiss"]
[EventRounds "10"]
[EventCountry "ENG"]

1. c4 Nf6 2. Nc3 g6 3. g3 Bg7 4. Bg2 O-O 5. e4 c5 6. Nge2 Nc6 7. O-O Ne8 8. d3
Nc7 9. Be3 Ne6 10. f4 Ned4 11. Rb1 d6 12. h3 Rb8 13. g4 b5 14. Nxb5 Nxb5 15.
cxb5 Rxb5 16. d4 Qb6 17. e5 Rd8 18. Nc3 cxd4 19. Nxb5 dxe3 20. Qf3 dxe5 21. Kh2
Nd4 22. Nxd4 exd4 23. Rfe1 Qb8 24. Kh1 Ba6 25. b4 Bc4 26. a4 Ba2 27. Rbd1 Bd5
28. Qf1 Bb3 29. Rb1 Bc2 30. Rbc1 d3 31. Rxe3 d2 32. Rd1 Bxd1 33. Qxd1 Qxf4 34.
Rxe7 Be5 0-1

[Event "Lloyds Bank Masters 17th"]
[Site "London"]
[Date "1993.08.24"]
[Round "4"]
[White "Cafferty, Bernard"]
[Black "Baldazzi, Stefano"]
[Result "0-1"]
[WhiteElo "2310"]
[BlackElo "2032"]
[PlyCount "68"]
[EventDate "1993.08.21"]
[EventType "swiss"]
[EventRounds "10"]
[EventCountry "ENG"]

1. Nf3 c5 2. e4 d6 3. Bb5+ Bd7 4. Bxd7+ Nxd7 5. O-O Ngf6 6. Qe2 e6 7. c3 Be7 8.
d4 O-O 9. Rd1 Qc7 10. Na3 a6 11. Bf4 Rac8 12. h3 b5 13. Nc2 Rfe8 14. Bh2 cxd4
15. Nfxd4 Qb7 16. f3 g6 17. Kh1 Ne5 18. Ne3 Nc4 19. Rac1 Nd7 20. Rc2 Qb6 21.
Bg1 Qb7 22. Nb3 Nde5 23. Ng4 Nxg4 24. hxg4 Bg5 25. Re1 Qe7 26. g3 e5 27. Nc1
Qf8 28. Qd3 Rc6 29. Rh2 Rec8 30. b3 Nb2 31. Rxb2 Rxc3 32. Qd5 Rxc1 33. Rxc1
Rxc1 34. a4 Be3 0-1

[Event "Lloyds Bank Masters 17th"]
[Site "London"]
[Date "1993.08.24"]
[Round "4"]
[White "Conquest, Stuart"]
[Black "Tozer, Richard"]
[Result "1/2-1/2"]
[WhiteElo "2485"]
[BlackElo "2300"]
[PlyCount "65"]
[EventDate "1993.08.21"]
[EventType "swiss"]
[EventRounds "10"]
[EventCountry "ENG"]

1. e4 c5 2. Nf3 e6 3. Nc3 Nc6 4. Bb5 Nge7 5. O-O a6 6. Bxc6 Nxc6 7. d4 cxd4 8.
Nxd4 Be7 9. Nxc6 bxc6 10. e5 O-O 11. Ne4 c5 12. a4 Bb7 13. Re1 c4 14. Bf4 Qc7
15. Qg4 Kh8 16. Rad1 Qc6 17. b3 f5 18. exf6 gxf6 19. Bd6 Rg8 20. Qf4 Bd8 21.
Re3 Rg6 22. Rde1 Bb6 23. Rg3 Rag8 24. Ng5 R8g7 25. h4 h6 26. Nf7+ Kg8 27. Nxh6+
Rxh6 28. Qxh6 Qxg2+ 29. Rxg2 Rxg2+ 30. Kf1 Rxf2+ 31. Kg1 Rg2+ 32. Kf1 Rf2+ 33.
Kg1 1/2-1/2

[Event "Lloyds Bank Masters 17th"]
[Site "London"]
[Date "1993.08.24"]
[Round "4"]
[White "Rogers, Ian"]
[Black "Cooper, Lawrence"]
[Result "1-0"]
[WhiteElo "2595"]
[BlackElo "2310"]
[PlyCount "63"]
[EventDate "1993.08.21"]
[EventType "swiss"]
[EventRounds "10"]
[EventCountry "ENG"]

1. Nc3 Nf6 2. e4 e5 3. Bc4 Bb4 4. Qf3 O-O 5. Nge2 d6 6. h3 c6 7. O-O Be6 8. Bb3
Bxb3 9. axb3 d5 10. d3 dxe4 11. dxe4 Nfd7 12. Ng3 Qf6 13. Nf5 Re8 14. Rd1 Bf8
15. Be3 g6 16. Nd6 Qxd6 17. Rxd6 Bxd6 18. Rxa7 Rxa7 19. Bxa7 Na6 20. Qd1 Re6
21. Na4 b5 22. Nc3 Kg7 23. Be3 Nf6 24. Qd2 h5 25. f3 Nc5 26. Na2 Be7 27. Qc3
Na6 28. g4 hxg4 29. hxg4 Kg8 30. Kg2 Nh7 31. Qa5 Nc5 32. Qa7 1-0

[Event "Lloyds Bank Masters 17th"]
[Site "London"]
[Date "1993.08.24"]
[Round "4"]
[White "Sowray, Peter J"]
[Black "Ansner, Bjorn"]
[Result "1-0"]
[WhiteElo "2330"]
[BlackElo "2110"]
[PlyCount "63"]
[EventDate "1993.08.21"]
[EventType "swiss"]
[EventRounds "10"]
[EventCountry "ENG"]

1. e4 c5 2. Nf3 Nc6 3. d4 cxd4 4. Nxd4 g6 5. c4 Bg7 6. Be3 Nf6 7. Nc3 Ng4 8.
Qxg4 Nxd4 9. Qd1 Ne6 10. Rc1 b6 11. Be2 Bb7 12. f3 Qb8 13. Qd2 Be5 14. g3 g5
15. Kf2 Rg8 16. Rhd1 Qd6 17. Qe1 Qb8 18. b3 h5 19. Nd5 h4 20. Qg1 Rh8 21. Bf1
f6 22. f4 hxg3+ 23. hxg3 Bxd5 24. cxd5 gxf4 25. gxf4 Nxf4 26. Qg7 f5 27. Rc8+
Qxc8 28. Qxe5 Rh2+ 29. Kg3 Ng6 30. Qxf5 Qc7+ 31. d6 Nh4 32. Qh5+ 1-0

[Event "Lloyds Bank Masters 17th"]
[Site "London"]
[Date "1993.08.24"]
[Round "4"]
[White "Lane, Gary William"]
[Black "Kwiatkowski, Feliks J"]
[Result "1-0"]
[WhiteElo "2430"]
[BlackElo "2250"]
[PlyCount "59"]
[EventDate "1993.08.21"]
[EventType "swiss"]
[EventRounds "10"]
[EventCountry "ENG"]

1. e4 e6 2. d4 d5 3. Nd2 Nf6 4. e5 Nfd7 5. c3 c5 6. f4 Nc6 7. Ndf3 Qb6 8. h4
cxd4 9. cxd4 Be7 10. h5 h6 11. a3 a5 12. Rh3 O-O 13. Bd3 Kh8 14. Ne2 f5 15. Kf2
Qd8 16. Qg1 Nb6 17. b3 Bd7 18. g4 Qe8 19. Qg2 a4 20. b4 Na7 21. Be3 Bb5 22.
Bxb5 Nxb5 23. Rg3 Rg8 24. Rg1 fxg4 25. Rxg4 Qf7 26. f5 exf5 27. Rg6 Nc4 28.
Bxh6 Ra6 29. Bxg7+ Kh7 30. Bf6 1-0

[Event "Lloyds Bank Masters 17th"]
[Site "London"]
[Date "1993.08.24"]
[Round "4"]
[White "King, Daniel J"]
[Black "Griffiths, Paul V"]
[Result "1-0"]
[WhiteElo "2455"]
[BlackElo "2240"]
[PlyCount "55"]
[EventDate "1993.08.21"]
[EventType "swiss"]
[EventRounds "10"]
[EventCountry "ENG"]

1. d4 Nf6 2. c4 e6 3. g3 c5 4. Nf3 b6 5. d5 exd5 6. cxd5 d6 7. Bg2 g6 8. O-O
Bg7 9. Nc3 O-O 10. Bf4 a6 11. a4 Re8 12. Qd2 Ne4 13. Nxe4 Rxe4 14. Ng5 Rb4 15.
Ne4 Rxb2 16. Qe3 Bg4 17. Bf3 Bxf3 18. Qxf3 Rb4 19. Bg5 Qf8 20. Nf6+ Kh8 21. Ra3
Ra7 22. Re3 Re7 23. Ne4 Rd7 24. Nxd6 Qxd6 25. Re8+ Bf8 26. Bh6 Rd8 27. Bxf8
Qxf8 28. Qf6+ 1-0

[Event "Lloyds Bank Masters 17th"]
[Site "London"]
[Date "1993.08.24"]
[Round "4"]
[White "Morris, Philip"]
[Black "Dunn, Andrew"]
[Result "1-0"]
[WhiteElo "2380"]
[BlackElo "2230"]
[PlyCount "75"]
[EventDate "1993.08.21"]
[EventType "swiss"]
[EventRounds "10"]
[EventCountry "ENG"]

1. e4 c6 2. d4 d5 3. Nd2 dxe4 4. Nxe4 Nd7 5. Bc4 Ngf6 6. Ng5 e6 7. Qe2 Nb6 8.
Bd3 h6 9. N5f3 c5 10. dxc5 Bxc5 11. Ne5 O-O 12. Bd2 Nbd7 13. f4 Qb6 14. O-O-O
Nd5 15. Ngf3 ({Big/Mega Database 2020 now gives the incorrect} 15. Nef3 Be3 16.
c4 Bxd2+ 17. Qxd2 Qc7 18. Kb1 Ne5 19. Nxe5 Ne7 20. Be4 Rb8 21. Qd6 Qxd6 22.
Rxd6 Nf5 23. Rd3 b6 24. Rd1 Bb7 25. Bxb7 Rxb7 26. Rd7 Rxd7 {and no more moves
- 1-0}) 15... Be3 16. c4 Bxd2+ 17. Qxd2 Qc7 18. Kb1 Nxe5 19. Nxe5 Ne7 20. Be4
Rb8 21. Qd6 Qxd6 22. Rxd6 Nf5 23. Rd3 b6 24. Rhd1 Bb7 25. Bxb7 Rxb7 26. Rd7
Rxd7 27. Rxd7 Ne3 28. Rxa7 Nxg2 29. Nd7 Rd8 30. Nxb6 Nxf4 31. c5 Nd5 32. Nxd5
exd5 33. b4 f5 34. c6 f4 35. Rd7 Rc8 36. c7 Kh7 37. b5 f3 38. b6 {Corrected 13
July 2021} 1-0

[Event "Lloyds Bank Masters 17th"]
[Site "London"]
[Date "1993.08.24"]
[Round "4"]
[White "Watson, William N"]
[Black "Carlson, Mats"]
[Result "1-0"]
[WhiteElo "2550"]
[BlackElo "2305"]
[PlyCount "47"]
[EventDate "1993.08.21"]
[EventType "swiss"]
[EventRounds "10"]
[EventCountry "ENG"]

1. e4 c6 2. d4 d5 3. Nd2 dxe4 4. Nxe4 Nf6 5. Nxf6+ gxf6 6. c3 Bf5 7. Nf3 Qc7 8.
g3 Nd7 9. Bg2 O-O-O 10. Nh4 Bg6 11. O-O e6 12. a4 Be7 13. Qe2 f5 14. Bf4 Bd6
15. Bxd6 Qxd6 16. b4 Rhe8 17. b5 Nb8 18. a5 a6 19. bxc6 Nxc6 20. Rfb1 Qc7 21.
Rb6 Nxa5 22. Bxb7+ Nxb7 23. Raxa6 Rd6 24. Qb2 1-0

[Event "Lloyds Bank Masters 17th"]
[Site "London"]
[Date "1993.08.24"]
[Round "4"]
[White "Bisby, Daniel L"]
[Black "Rayner, Francis"]
[Result "1/2-1/2"]
[WhiteElo "2150"]
[BlackElo "2295"]
[PlyCount "43"]
[EventDate "1993.08.21"]
[EventType "swiss"]
[EventRounds "10"]
[EventCountry "ENG"]

1. c4 e5 2. Nc3 Nc6 3. Nf3 f5 4. d4 e4 5. Bg5 Be7 6. Bxe7 Ncxe7 7. Nd2 Nf6 8.
e3 c6 9. c5 d5 10. cxd6 Qxd6 11. Bc4 Ned5 12. Rc1 Be6 13. Bxd5 Nxd5 14. Nxd5
cxd5 15. Qb3 b6 16. Qb5+ Qd7 17. Qb4 Kf7 18. O-O Rhc8 19. Rc3 Rc6 20. Rfc1 Rac8
21. Nb1 g5 22. Rxc6 1/2-1/2

[Event "Lloyds Bank Masters 17th"]
[Site "London"]
[Date "1993.08.24"]
[Round "4"]
[White "Sakhatova, Elvira->Berend"]
[Black "Corkett, Anthony"]
[Result "1/2-1/2"]
[WhiteElo "2235"]
[BlackElo "2315"]
[PlyCount "95"]
[EventDate "1993.08.21"]
[EventType "swiss"]
[EventRounds "10"]
[EventCountry "ENG"]

{[%evp 0,95,24,24,24,24,60,31,18,14,11,5,12,13,10,15,17,15,-2,0,7,-8,-5,-5,-5,
-7,-7,-7,4,-28,9,0,14,11,36,37,85,69,54,8,16,16,93,0,33,-9,43,32,38,-3,19,9,19,
-4,-13,-13,0,0,77,-15,7,0,18,-2,12,-22,5,-79,-31,15,15,0,-9,0,81,151,151,38,62,
15,66,61,82,11,89,40,82,78,90,28,87,36,60,67,68,35,57,48]} 1. d4 d5 2. Nf3 c6
3. c4 e6 4. Nbd2 Nf6 5. g3 Bd6 6. Bg2 O-O 7. O-O Nbd7 8. Qc2 Re8 9. Re1 e5 10.
dxe5 Nxe5 11. Nxe5 Bxe5 12. Nf3 Bd6 13. cxd5 cxd5 14. b3 Ne4 15. Bb2 Bf5 16.
Nh4 Bd7 17. Qd3 Bc5 18. e3 Qg5 19. Bd4 Bb4 20. Rec1 a6 21. a3 Bd6 22. b4 Qh6
23. Bb2 Qe6 24. Nf3 Qf5 25. Qe2 Qg6 26. Rd1 Bb5 27. Qe1 Bc4 28. Nd2 b5 29. Nf3
Bc7 30. Rdc1 h5 31. Qd1 a5 32. bxa5 Rxa5 33. a4 b4 34. Nd2 Nxd2 35. Qxd2 Bd6
36. e4 Rxe4 37. Bxe4 Qxe4 38. Re1 Qg6 39. Qe3 Ra8 40. a5 h4 41. Bd4 b3 42. a6
Bxa6 43. Qxb3 Rb8 44. Qf3 Bc4 45. Rad1 Ra8 46. Ra1 Rb8 47. Rad1 Ra8 48. Ra1
1/2-1/2

[Event "Lloyds Bank Masters 17th"]
[Site "London"]
[Date "1993.08.25"]
[Round "5"]
[White "Houska, Jovanka"]
[Black "Cafferty, Bernard"]
[Result "0-1"]
[WhiteElo "1872"]
[BlackElo "2310"]
[PlyCount "140"]
[EventDate "1993.08.21"]
[EventType "swiss"]
[EventRounds "10"]
[EventCountry "ENG"]

1. e4 Nf6 2. e5 Nd5 3. d4 d6 4. exd6 cxd6 5. Nf3 g6 6. c3 Bg7 7. Bd3 Nc6 8. Bg5
h6 9. Be3 Nxe3 10. fxe3 d5 11. Qc2 O-O 12. O-O e5 13. Be2 Re8 14. Na3 Bf5 15.
Qd2 Qe7 16. Bb5 e4 17. Ne1 Bd7 18. Nac2 Ne5 19. Bxd7 Nxd7 20. Nb4 Nb6 21. Qf2
Rac8 22. g3 a5 23. Nbc2 Na4 24. Na3 Qd7 25. Ng2 Bf8 26. Nb1 Re6 27. Qc2 Rb6 28.
b3 Nxc3 29. Nxc3 Bb4 30. Qf2 Rxc3 31. Qf4 Kg7 32. g4 Qe7 33. Qg3 Bd6 34. Nf4
Bxf4 35. Qxf4 Rf6 36. Qg3 Rf3 37. Rxf3 exf3 38. Qxf3 Qxe3+ 39. Qxe3 Rxe3 40.
Rd1 Re2 41. a4 b6 42. Rd3 Kf6 43. Rc3 Re4 44. Rc6+ Kg5 45. h3 Rxd4 46. Rxb6 Kh4
47. Kg2 Rd2+ 48. Kf3 Kxh3 49. Rb5 Rb2 50. Kf4 g5+ 51. Kf3 Kh4 52. Rb6 h5 53.
gxh5 Kxh5 54. Ke3 f5 55. Rb5 Kg4 56. Rxd5 Rxb3+ 57. Kf2 Rb2+ 58. Ke3 f4+ 59.
Ke4 Rb4+ 60. Ke5 Rxa4 61. Kf6 f3 62. Rxg5+ Kf4 63. Rf5+ Ke3 64. Re5+ Re4 65.
Rxa5 f2 66. Ra3+ Kf4 67. Ra5 Re1 68. Rf5+ Ke3 69. Re5+ Kd4 70. Rf5 f1=Q 0-1

[Event "Lloyds Bank Masters 17th"]
[Site "London"]
[Date "1993.08.25"]
[Round "5"]
[White "Shaw, John Kerr"]
[Black "Conquest, Stuart"]
[Result "1/2-1/2"]
[WhiteElo "2270"]
[BlackElo "2485"]
[PlyCount "120"]
[EventDate "1993.08.21"]
[EventType "swiss"]
[EventRounds "10"]
[EventCountry "ENG"]

1. e4 c5 2. Nc3 e6 3. g3 a6 4. Bg2 b5 5. d3 Bb7 6. f4 Nf6 7. Nf3 d5 8. e5 Nfd7
9. O-O Be7 10. d4 Nc6 11. Be3 Qc7 12. Ne2 g6 13. c3 h5 14. Ng5 a5 15. Qc2 Rg8
16. Bh3 cxd4 17. cxd4 Qb6 18. Rf3 Rc8 19. Qd2 a4 20. g4 hxg4 21. Bxg4 Na5 22.
Rc1 Nc4 23. Qe1 Ndxe5 24. fxe5 Nxe3 25. Rxc8+ Bxc8 26. Qc1 Bxg5 27. Qxc8+ Qd8
28. Qb7 Nf5 29. Qxb5+ Qd7 30. Qb8+ Bd8 31. Qb4 Rh8 32. Ra3 Be7 33. Qb8+ Bd8 34.
Qa8 Qe7 35. Qxa4+ Kf8 36. Bxf5 gxf5 37. Rg3 f4 38. Nxf4 Rh4 39. Ne2 Re4 40. Kf2
f6 41. exf6 Qh7 42. Qb4+ Ke8 43. Qb5+ Kf8 44. Qc5+ Ke8 45. Qc6+ Kf8 46. Qd6+
Ke8 47. Rf3 Rxe2+ 48. Kxe2 Qc2+ 49. Kf1 Qd1+ 50. Kg2 Qc2+ 51. Kg1 Qc1+ 52. Rf1
Qe3+ 53. Rf2 Qe1+ 54. Kg2 Qe4+ 55. Kg3 Qg6+ 56. Kh3 Qh7+ 57. Kg2 Qe4+ 58. Rf3
Qc2+ 59. Kg3 Qg6+ 60. Kf2 Qc2+ 1/2-1/2

[Event "Lloyds Bank Masters 17th"]
[Site "London"]
[Date "1993.08.25"]
[Round "5"]
[White "Gual Pascual, Antonio"]
[Black "Hinks-Edwards, Thomas"]
[Result "1/2-1/2"]
[WhiteElo "2350"]
[BlackElo "2205"]
[PlyCount "115"]
[EventDate "1993.08.21"]
[EventType "swiss"]
[EventRounds "10"]
[EventCountry "ENG"]

1. d4 Nf6 2. c4 e6 3. Nc3 Bb4 4. e3 c5 5. Nge2 cxd4 6. exd4 d5 7. c5 Ne4 8. Bd2
Nxd2 9. Qxd2 a5 10. a3 Bxc3 11. Nxc3 a4 12. Bd3 b6 13. cxb6 Qxb6 14. Bc2 Bd7
15. O-O O-O 16. Rfe1 Rd8 17. Re3 Nc6 18. Rd1 Ne7 19. h4 Kh8 20. Rg3 Qd6 21. Qg5
Ng6 22. h5 f6 23. Qe3 Ne7 24. Qd3 f5 25. Qd2 h6 26. Ne2 Rab8 27. Rb1 Ng8 28.
Nf4 Nf6 29. Qe3 Rb6 30. Ng6+ Kh7 31. Ne5 Be8 32. Rh3 Rdb8 33. g4 Rxb2 34. Rxb2
Rxb2 35. Qc3 Rb8 36. gxf5 exf5 37. Qf3 Kg8 38. Qxf5 Bd7 39. Nxd7 Qxd7 40. Qxd7
Nxd7 41. Bxa4 Nf6 42. Bc6 Kf7 43. a4 Rc8 44. Bb5 Rc1+ 45. Kg2 Ra1 46. Re3 Ne4
47. f3 Nf6 48. Kf2 Ra2+ 49. Ke1 g6 50. hxg6+ Kxg6 51. Re2 Ra3 52. Kf2 Kf5 53.
Kg3 Ne4+ 54. Kg2 Nc3 55. Re5+ Kf4 56. Bc6 Ra2+ 57. Kf1 Kxf3 58. Ke1 1/2-1/2

[Event "Lloyds Bank Masters 17th"]
[Site "London"]
[Date "1993.08.25"]
[Round "5"]
[White "Hebden, Mark"]
[Black "Lane, Gary William"]
[Result "1-0"]
[WhiteElo "2560"]
[BlackElo "2430"]
[PlyCount "111"]
[EventDate "1993.08.21"]
[EventType "swiss"]
[EventRounds "10"]
[EventCountry "ENG"]

1. e4 e5 2. Nf3 Nc6 3. Bb5 a6 4. Bxc6 dxc6 5. Nc3 f6 6. d4 exd4 7. Nxd4 c5 8.
Nde2 Qxd1+ 9. Nxd1 Bd7 10. Bf4 O-O-O 11. Ne3 Bc6 12. f3 Ne7 13. Rd1 Re8 14. Kf2
h5 15. h4 Ng6 16. Bg3 Ne5 17. Rhe1 b5 18. c4 g6 19. b3 Bd6 20. Nc3 Rhf8 21.
cxb5 axb5 22. a4 bxa4 23. Nxa4 f5 24. exf5 gxf5 25. Bxe5 Rxe5 26. Nc4 Rxe1 27.
Rxe1 Rg8 28. Nab6+ Kb8 29. Nxd6 cxd6 30. Re7 Re8 31. Nd7+ Bxd7 32. Rxd7 Re6 33.
Rh7 d5 34. Rxh5 Rf6 35. Ke2 Kc7 36. g4 fxg4 37. fxg4 Kd6 38. g5 Rf4 39. Rh8 Rg4
40. h5 Ke6 41. g6 Kf6 42. Rf8+ Kg7 43. Rf7+ Kg8 44. Rf5 c4 45. bxc4 dxc4 46.
Kf3 Rh4 47. Kg3 Rd4 48. Rc5 Kg7 49. Rc7+ Kh6 50. Rh7+ Kg5 51. g7 Rg4+ 52. Kf3
Kh4 53. h6 c3 54. Rh8 c2 55. Rc8 Rg3+ 56. Kf2 1-0

[Event "Lloyds Bank Masters 17th"]
[Site "London"]
[Date "1993.08.25"]
[Round "5"]
[White "Ward, Christopher R"]
[Black "Salem, Aylem M"]
[Result "1-0"]
[WhiteElo "2460"]
[BlackElo "2285"]
[PlyCount "108"]
[EventDate "1993.08.21"]
[EventType "swiss"]
[EventRounds "10"]
[EventCountry "ENG"]

1. d4 Nf6 2. c4 e6 3. Nc3 Bb4 4. g3 O-O 5. Bg2 c5 6. Nf3 d5 7. cxd5 Nxd5 8. Bd2
cxd4 9. Nxd5 Bxd2+ 10. Qxd2 Qxd5 11. Qxd4 Qa5+ 12. Qd2 Qb6 13. Ne5 Rd8 14. Nc4
Qc7 15. Qa5 b6 16. Qe5 Qxc4 17. Bxa8 Ba6 18. Bf3 Nc6 19. Bxc6 Qxc6 20. O-O f6
21. Qe3 Rd5 22. Rfd1 Re5 23. Qf3 Qe8 24. Rd2 h5 25. Rc1 Qf7 26. Qa3 Ra5 27. Qd6
Rxa2 28. Rc7 Ra1+ 29. Kg2 Qg6 30. Qxe6+ Kh7 31. Rdd7 Re1 32. Rxg7+ Qxg7 33.
Rxg7+ Kxg7 34. Qd7+ Kg6 35. Qxa7 Bxe2 36. Qxb6 Bf1+ 37. Kf3 Re5 38. Qd4 Bh3 39.
b4 Bf1 40. Kf4 Rb5 41. f3 Rf5+ 42. Ke3 Re5+ 43. Kd2 Re2+ 44. Kc3 Re5 45. g4
hxg4 46. fxg4 Bb5 47. h4 Be8 48. Qf4 Bd7 49. g5 Rf5 50. h5+ Kxh5 51. Qh2+ Kg6
52. Qh6+ Kf7 53. g6+ Ke6 54. g7 Rf3+ 1-0

[Event "Lloyds Bank Masters 17th"]
[Site "London"]
[Date "1993.08.25"]
[Round "5"]
[White "Reilly, Tim"]
[Black "Watson, William N"]
[Result "1-0"]
[WhiteElo "2315"]
[BlackElo "2550"]
[PlyCount "97"]
[EventDate "1993.08.21"]
[EventType "swiss"]
[EventRounds "10"]
[EventCountry "ENG"]

1. d4 d6 2. c4 e5 3. Nc3 exd4 4. Qxd4 Nf6 5. e4 Nc6 6. Qd2 a5 7. Bd3 Ne5 8. b3
a4 9. Nxa4 b5 10. cxb5 d5 11. Bc2 Bd6 12. f4 Qe7 13. fxe5 Bb4 14. Nc3 Qxe5 15.
Bb2 d4 16. O-O-O Bh3 17. Qxd4 Qxd4 18. Rxd4 Bxc3 19. Bxc3 Bxg2 20. e5 Nd5 21.
Be4 Bxe4 22. Rxe4 Nxc3 23. Rc4 Nxb5 24. a4 Na7 25. Rxc7 O-O 26. Nf3 Nc8 27. Rd1
Nb6 28. Rb7 Nxa4 29. bxa4 Rxa4 30. Rdd7 Rg4 31. Kd2 h6 32. Ke3 Rg2 33. Kf4 Rg6
34. h4 Rg2 35. Rd2 Rxd2 36. Nxd2 Re8 37. Ne4 Re6 38. Rb8+ Kh7 39. Rf8 Kg6 40.
Ng3 Re7 41. h5+ Kh7 42. Ne4 Ra7 43. Kf5 g6+ 44. hxg6+ fxg6+ 45. Kf6 Ra4 46. e6
Rxe4 47. e7 Rxe7 48. Kxe7 Kg7 49. Rf7+ 1-0

[Event "Lloyds Bank Masters 17th"]
[Site "London"]
[Date "1993.08.25"]
[Round "5"]
[White "Summerscale, Aaron"]
[Black "Hastings, Jonathan J"]
[Result "1-0"]
[WhiteElo "2355"]
[BlackElo "2210"]
[PlyCount "93"]
[EventDate "1993.08.21"]
[EventType "swiss"]
[EventRounds "10"]
[EventCountry "ENG"]

1. Nf3 Nf6 2. d4 e6 3. e3 b6 4. Bd3 Bb7 5. Nbd2 d5 6. O-O Bd6 7. b3 Nbd7 8. Bb2
Ne4 9. Ne5 Bxe5 10. dxe5 Nxd2 11. Qxd2 Nc5 12. Bb5+ c6 13. Be2 Qc7 14. Rfd1 Rd8
15. Qd4 Ba6 16. Bf3 Nd7 17. e4 O-O 18. exd5 cxd5 19. Rd2 Qc5 20. Qa4 Bb5 21.
Qg4 Rfe8 22. Rad1 Qc7 23. Qg5 Nf8 24. h4 Rc8 25. Re1 Qe7 26. Qg3 Qb4 27. Red1
Qe7 28. Bg4 Rc7 29. f4 Bd7 30. h5 h6 31. Be2 Rec8 32. Bd3 Qc5+ 33. Kh2 Bb5 34.
Bd4 Qc6 35. c3 Bxd3 36. Qxd3 Qe8 37. g4 Qe7 38. Qg3 g5 39. hxg6 Nxg6 40. f5
exf5 41. gxf5 Qh4+ 42. Qxh4 Nxh4 43. Rf2 Rxc3 44. Bxc3 Rxc3 45. Rg1+ Kf8 46.
Rg3 d4 47. Rh3 1-0

[Event "Lloyds Bank Masters 17th"]
[Site "London"]
[Date "1993.08.25"]
[Round "5"]
[White "Flear, Glenn C"]
[Black "Sowray, Peter J"]
[Result "1-0"]
[WhiteElo "2500"]
[BlackElo "2330"]
[PlyCount "91"]
[EventDate "1993.08.21"]
[EventType "swiss"]
[EventRounds "10"]
[EventCountry "ENG"]

1. d4 d5 2. c4 e6 3. Nc3 c5 4. cxd5 exd5 5. Nf3 Nc6 6. g3 Nf6 7. Bg2 Be7 8. O-O
O-O 9. Bg5 cxd4 10. Nxd4 h6 11. Be3 Re8 12. Rc1 Bf8 13. Qa4 Ne5 14. Qb3 Be6 15.
Qxb7 Rb8 16. Qxa7 Rxb2 17. Nxe6 fxe6 18. Rb1 Rb4 19. Rxb4 Bxb4 20. Rc1 Neg4 21.
Bc5 Qa5 22. Qxa5 Bxa5 23. Bd4 e5 24. Bc5 d4 25. Nd5 Nxd5 26. Bxd5+ Kh7 27. Be4+
Kh8 28. Rb1 Nf6 29. Bg6 Rc8 30. Bd6 e4 31. Rb8 Rxb8 32. Bxb8 Bb6 33. Kg2 e3 34.
fxe3 dxe3 35. Kf3 Nd5 36. Be5 Nb4 37. a4 Kg8 38. Be4 g5 39. Bc3 Na6 40. a5 Ba7
41. Bd5+ Kf8 42. Bc4 Nc7 43. Be5 Ne8 44. Ke4 Ke7 45. Kd5 Nf6+ 46. Bxf6+ 1-0

[Event "Lloyds Bank Masters 17th"]
[Site "London"]
[Date "1993.08.25"]
[Round "5"]
[White "Griffiths, Paul V"]
[Black "Hennigan, Michael"]
[Result "0-1"]
[WhiteElo "2240"]
[BlackElo "2415"]
[PlyCount "92"]
[EventDate "1993.08.21"]
[EventType "swiss"]
[EventRounds "10"]
[EventCountry "ENG"]

1. b3 e5 2. Bb2 Nc6 3. e3 Nf6 4. Nf3 e4 5. Ne5 Nxe5 6. Bxe5 d5 7. Be2 Bd6 8.
Bb2 Bf5 9. Na3 c6 10. c4 Qe7 11. Nc2 dxc4 12. Bxc4 Rd8 13. Nd4 Bg6 14. h3 O-O
15. Qc2 a6 16. g4 c5 17. Nf5 Bxf5 18. gxf5 b5 19. Be2 Be5 20. f4 exf3 21. Bxf3
Nd5 22. Bxd5 Rxd5 23. O-O-O Rfd8 24. Rhf1 Qf6 25. Bxe5 Qxe5 26. Qc3 Qxc3+ 27.
dxc3 Rxd1+ 28. Rxd1 Rxd1+ 29. Kxd1 g5 30. fxg6 fxg6 31. Ke2 Kf7 32. Kf3 b4 33.
c4 g5 34. Ke4 Ke6 35. Kf3 h5 36. Kg3 Ke5 37. Kf3 a5 38. Ke2 Ke4 39. Kf2 g4 40.
hxg4 hxg4 41. Kg3 Kxe3 42. Kxg4 Kd3 43. Kf4 Kc3 44. Ke4 Kb2 45. Kd5 Kxa2 46.
Kxc5 a4 0-1